000 00259nam a2200097Ia 4500
008 230907s9999||||xx |||||||||||||| ||und||
082 _a333.7
_bINT
245 3 _aAn integrated approach to environmental management /
300 _axvii, 601 pages ;
942 _cBK
999 _c601008
_d601008